00761nam a2200205Ia 4500003000900000008004100009020002200050040001600072080002000088245012900108260003100237300001600268490003500284650004000319650004000359700003500399942000700434999001700441952009700458IN-BaIIA211028s9999 xx 000 0 eng d a978-2-7598-0506-8 cIIA Library a52:82-92bSTE-1 0aScientific writing for young astronomersba collection of papers on scientific writing, part 1cedited by Christiaan Sterken aFrancebEDP Sciencesc2011 axviii, 162p aEAS publications series; v. 49 aAstronomy-Scientific writing934743 aScientific writing-Astronomy934744 aSterken, Christiaan ed.917699 cBK c18169d18169 00104070aBANbBANcGENd2011-11-28l0o52:82-92/ STE-1p19091r2021-11-05w2011-11-28yBK